Programa de mejoramiento de la calidad educativa y retención estudiantil. (Registro nro. 396)

Detalles MARC
000 -LEADER
fixed length control field 00982 am a2200277 a 4500
005 - FECHA ULTIMA MODIFICACION
control field 20240625093729.0
008 - CAMPO DE CONTROL (LIBRO)
fixed length control field 100622s2006||||ag d f |||| 001 0 spa d
020 ## - INTERNATIONAL STANDARD BOOK NUMBER
ISBN 987115495X
041 ## - CODIGO DE IDIOMA
Código de idioma del texto/pista de sonido o título separado spa
092 ## - SIGNATURA TOPOGRAFICA DEWEY LOCAL
número de clasificación 378
libristica 51
sección MAR
100 1# - ENTRADA PRINCIPAL--NOMBRE PERSONAL
Nombre personal Martínez, Silvia
Función Comp.
9 (RLIN) 1175
245 ## - TITULO PROPIAMENTE DICHO
Título Programa de mejoramiento de la calidad educativa y retención estudiantil.
Subtítulo y Título paralelo (UNCo 2004-2005) /
Mención de responsabilidad y remanente de la transcripción de la portada Silvia Martínez
250 ## - MENCION DE EDICION
Mención de edición 1a ed.
260 ## - PIE DE IMPRENTA
Lugar de publicación, distribución, etc Neuquén [Neuquén ; Argentina]:
Nombre de la editorial, distribuidor, etc EDUCO;
Fecha de publicación 2006.
300 ## - DESCRIPCION FISICA
Extension 203 p.
500 ## - NOTA GENERAL
Nota general Martínez, S., Echenique, M. y Reta, L. (2006). Programa de mejoramiento de la calidad educativa y retención estudiantil (UNCo 2004-2005). (1a ed.). Neuquén [Argentina] : EDUCO.
653 ## - TÉRMINO INDIZADO - PALABRAS CLAVES
Palabra clave Educación Superior
653 ## - TÉRMINO INDIZADO - PALABRAS CLAVES
Palabra clave Retención Estudiantil
653 ## - TÉRMINO INDIZADO - PALABRAS CLAVES
Palabra clave Calidad educativa
700 1# - ENTRADAS SECUNDARIAS - NOMBRE PERSONAL
Nombre personal Echenique, Mónica
Función Comp.
9 (RLIN) 1176
700 1# - ENTRADAS SECUNDARIAS - NOMBRE PERSONAL
Nombre personal Reta, Lucrecia
Función Comp.
9 (RLIN) 1177
930 ## - NUMERO DE INVENTARIO
Número de inventario 1648
930 ## - NUMERO DE INVENTARIO
Número de inventario 1632
930 ## - NUMERO DE INVENTARIO
Número de inventario 1631
942 ## - ADDED ENTRY ELEMENTS (KOHA)
Source of classification or shelving scheme Dewey Decimal Classification
Item type Libros
Existencias
Estado de retiro Existencia Estado general No para prestamo Ubicación permanente ubicación actual Sala de ubicación Fecha de adquisición Total Checkouts Número de clasificación Código de barras Date last seen Número de ejemplar Price effective from Koha tipo de elemento (item)
        Biblioteca Medicina Biblioteca Medicina Circulación 13/05/2011   378 51 MAR 1648 06/11/2014 ej.3 13/05/2011 Libros
        Biblioteca Medicina Biblioteca Medicina Circulación 13/05/2011   378 51 MAR 1632 06/11/2014 ej.2 13/05/2011 Libros
        Biblioteca Medicina Biblioteca Medicina Circulación 13/05/2011   378 51 MAR 1631 06/11/2014 ej.1 13/05/2011 Libros

UNIVERSIDAD NACIONAL DEL COMAHUE
Biblioteca de la Facultad de Ciencias Médicas
Sede Toschi: Los Arrayanes y Av. Toschi, Cipolletti  - Rio Negro
Sede Los Tordos:  Yrigoyen al 2211, Cipolletti - Rio Negro 

Teléfono: 0299 - 4774707 int 25
Contacto: biblioteca@facimed.uncoma.edu.ar
© 2011 - 2026